00485nam a2200145Ia 4500008004100000041000800041082001400049100001700063245004300080260003300123300003200156365001100188999001500199952012500214240624s9999 xx 000 0 und d aeng a658.3 RED aREDDY SUMATI aWORKFORCE DIVERSITY GLOBAL EXPERIENCES c2005aHyderabadbICFAI press aviii, : 180 : p. : cm. ; 25 cRSb20 c7326d7326 00104070aIMTNbIMTNcRack 23-Bd2007-11-15eICFAIg400.00n1o658.3 REDp7326r2024-06-24 00:00:00t1w2024-06-24yBK